000
00275nam a2200109Ia 4500
008
200302s9999 xx 000 0 und d
100
_a
Joseph Rosa
245
_a
Louis I. Kahn 1901 - 1974 Enlightened space
260
_b
Taschen Gmbh Publishing
260
_c
2016
300
_a
96
999
_c
6248
_d
6248